[Event "IRT de Fin de Año"]
[Site "Banfield ARG"]
[Date "2005.12.11"]
[Round "1.1"]
[White "Claverié, Raúl"]
[Black "Dolezal, Cristian"]
[Result "1-0"]
[WhiteElo "2368"]
[BlackElo "2400"]
[PlyCount "69"]
[EventDate "2005.12.11"]
[EventType "tourn"]
[EventRounds "9"]
[EventCountry "ARG"]
[Source "lmi"]
[SourceDate "2005.12.22"]

1. e4 c5 2. Nf3 e6 3. Qe2 Be7 4. d3 d5 5. g3 Nc6 6. Bg2 Nf6 7. Nbd2 Qc7 8. O-O
b6 9. e5 Nd7 10. Re1 g5 11. g4 h5 12. h3 hxg4 13. hxg4 Bb7 14. c4 d4 15. Nf1
O-O-O 16. Ng3 Rh4 17. Nxh4 gxh4 18. Ne4 Ncxe5 19. f4 Ng6 20. Rf1 Re8 21. g5 Rh8
22. Bh3 Kb8 23. Bd2 Qc6 24. Rae1 Bd8 25. b4 cxb4 26. Bxb4 Bc7 27. Qg4 Rg8 28.
Bg2 h3 29. Bxh3 f5 30. gxf6 Ne7 31. fxe7 Rxg4+ 32. Bxg4 Nf6 33. Bxe6 Nxe4 34.
Rxe4 Qe8 35. Bf7 1-0

[Event "IRT de Fin de Año"]
[Site "Banfield ARG"]
[Date "2005.12.11"]
[Round "1.2"]
[White "Montes de Oca, Juan José"]
[Black "Antonio, Jorge"]
[Result "0-1"]
[WhiteElo "2173"]
[BlackElo "2096"]
[PlyCount "78"]
[EventDate "2005.12.11"]
[EventType "tourn"]
[EventRounds "9"]
[EventCountry "ARG"]
[Source "lmi"]
[SourceDate "2005.12.22"]

1. e4 e6 2. d4 d5 3. Nc3 Bb4 4. e5 c5 5. a3 Bxc3+ 6. bxc3 Qc7 7. Nf3 Ne7 8. h4
b6 9. a4 O-O 10. Bd3 h6 11. h5 f5 12. exf6 Rxf6 13. O-O c4 14. Be2 Nbc6 15. g3
Bd7 16. Nh4 Raf8 17. Bf4 Rxf4 18. gxf4 Qxf4 19. Ng2 Qf6 20. Qd2 e5 21. Rad1 Bh3
22. Kh2 Bxg2 23. Kxg2 Qh4 24. Qe3 Rf5 25. Qh3 Rg5+ 26. Kh2 Qf4+ 27. Kh1 Qf6 28.
dxe5 Rxe5 29. Rde1 Re4 30. Bg4 Rf4 31. Re3 Ne5 32. Rxe5 Qxe5 33. Kg1 Qg5 34. f3
Nc6 35. Kh2 Qe5 36. Qg3 Rf6 37. Qxe5 Nxe5 38. Kg2 Nxg4 39. fxg4 Rxf1 0-1

[Event "IRT de Fin de Año"]
[Site "Banfield ARG"]
[Date "2005.12.11"]
[Round "1.3"]
[White "Arenas, Sergio"]
[Black "Dellepiani, Fernando"]
[Result "1-0"]
[WhiteElo "2165"]
[BlackElo "2134"]
[PlyCount "81"]
[EventDate "2005.12.11"]
[EventType "tourn"]
[EventRounds "9"]
[EventCountry "ARG"]
[Source "lmi"]
[SourceDate "2005.12.22"]

1. d4 d5 2. Nf3 e6 3. Bg5 Nf6 4. c3 Be7 5. e3 Nbd7 6. Bd3 h6 7. Bh4 b6 8. Nbd2
Bb7 9. O-O O-O 10. Qe2 Ne4 11. Bxe7 Qxe7 12. Ne5 Nxe5 13. dxe5 Nxd2 14. Qxd2 f6
15. exf6 Rxf6 16. Bc2 e5 17. Bb3 Kh8 18. Qe2 c5 19. Rad1 c4 20. Bc2 e4 21. Rd4
Rd8 22. b3 b5 23. Rdd1 Qe5 24. bxc4 bxc4 25. Rb1 Bc8 26. Qd2 Qg5 27. Rb8 Rdf8
28. Kh1 Qe5 29. Rb5 Be6 30. Rb7 h5 31. Rxa7 h4 32. a4 h3 33. g3 Bg4 34. Kg1 Bf3
35. Re1 Bg2 36. f4 exf3 37. Kf2 Rb6 38. Rb1 Rxb1 39. Bxb1 Rb8 40. Bc2 Rb2 41.
Rd7 1-0

[Event "IRT de Fin de Año"]
[Site "Banfield ARG"]
[Date "2005.12.11"]
[Round "1.4"]
[White "Quiroga, Facundo"]
[Black "Ferro, Ezequiel"]
[Result "1-0"]
[WhiteElo "2290"]
[BlackElo "2151"]
[PlyCount "55"]
[EventDate "2005.12.11"]
[EventType "tourn"]
[EventRounds "9"]
[EventCountry "ARG"]
[Source "lmi"]
[SourceDate "2005.12.22"]

1. e4 e6 2. d4 d5 3. Nd2 Nf6 4. e5 Nfd7 5. Bd3 c5 6. c3 Nc6 7. Ne2 cxd4 8. cxd4
f6 9. exf6 Nxf6 10. O-O Bd6 11. Nf3 Qc7 12. Nc3 a6 13. Bg5 O-O 14. Bh4 Nh5 15.
Rc1 g6 16. Bb1 Bd7 17. Re1 Rf4 18. Bg5 Rff8 19. Bh6 Ng7 20. Ne2 Rxf3 21. gxf3
Bxh2+ 22. Kg2 Nh5 23. Qd2 Rf8 24. Bxf8 Nf4+ 25. Kxh2 Nxe2+ 26. Kh1 Nxc1 27. Bh6
Qd8 28. Qg5 1-0

[Event "IRT de Fin de Año"]
[Site "Banfield ARG"]
[Date "2005.12.11"]
[Round "1.5"]
[White "Villanueva, Mario"]
[Black "Devcic, Marcos"]
[Result "0-1"]
[WhiteElo "2210"]
[BlackElo "2334"]
[PlyCount "92"]
[EventDate "2005.12.11"]
[EventType "tourn"]
[EventRounds "9"]
[EventCountry "ARG"]
[Source "lmi"]
[SourceDate "2005.12.22"]

1. d4 e6 2. c4 d5 3. Nc3 c6 4. Nf3 dxc4 5. a4 Bb4 6. e3 b5 7. Bd2 a5 8. axb5
Bxc3 9. Bxc3 cxb5 10. b3 Bb7 11. d5 Nf6 12. bxc4 b4 13. Bxf6 Qxf6 14. Qa4+ Nd7
15. Nd4 Ke7 16. d6+ Kxd6 17. Rd1 Rhd8 18. c5+ Nxc5 19. Qb5 Rdc8 20. Nf5+ Ke5
21. Nd6 Bd5 22. Nxc8 Rxc8 23. Qxa5 b3 24. Qc3+ Kd6 25. Qxf6 gxf6 26. Bc4 Rb8
27. Bxd5 exd5 28. Rb1 Ne4 29. f3 Nc3 30. Rb2 Na4 31. Rb1 Kc5 32. Kd2 Kb4 33.
Rhc1 b2 34. Rc7 Kb3 35. Rxf7 Ka2 36. Re1 b1=Q 37. Rxb1 Rxb1 38. Rxh7 Rg1 39.
Rg7 Kb3 40. e4 d4 41. f4 Kc4 42. h4 Nc5 43. e5 fxe5 44. fxe5 Ne4+ 45. Ke2 d3+
46. Kf3 Nc5 0-1

[Event "IRT de Fin de Año"]
[Site "Banfield ARG"]
[Date "2005.12.12"]
[Round "2.1"]
[White "Dolezal, Cristian"]
[Black "Devcic, Marcos"]
[Result "1/2-1/2"]
[WhiteElo "2400"]
[BlackElo "2334"]
[PlyCount "31"]
[EventDate "2005.12.11"]
[EventType "tourn"]
[EventRounds "9"]
[EventCountry "ARG"]
[Source "lmi"]
[SourceDate "2005.12.22"]

1. e4 e5 2. Nf3 Nc6 3. Bb5 a6 4. Ba4 Nf6 5. O-O Be7 6. Re1 b5 7. Bb3 d6 8. c3
O-O 9. h3 Na5 10. Bc2 c5 11. d4 cxd4 12. cxd4 Qc7 13. Nbd2 Nc6 14. d5 Nb4 15.
Bb1 a5 16. a3 1/2-1/2

[Event "IRT de Fin de Año"]
[Site "Banfield ARG"]
[Date "2005.12.12"]
[Round "2.2"]
[White "Ferro, Ezequiel"]
[Black "Villanueva, Mario"]
[Result "1/2-1/2"]
[WhiteElo "2151"]
[BlackElo "2210"]
[PlyCount "21"]
[EventDate "2005.12.11"]
[EventType "tourn"]
[EventRounds "9"]
[EventCountry "ARG"]
[Source "lmi"]
[SourceDate "2005.12.22"]

1. d4 Nf6 2. c4 g6 3. Nc3 Bg7 4. e4 d6 5. Nf3 O-O 6. Be2 e5 7. O-O Nc6 8. d5
Ne7 9. b4 a5 10. Ba3 axb4 11. Bxb4 1/2-1/2

[Event "IRT de Fin de Año"]
[Site "Banfield ARG"]
[Date "2005.12.12"]
[Round "2.3"]
[White "Dellepiani, Fernando"]
[Black "Quiroga, Facundo"]
[Result "1/2-1/2"]
[WhiteElo "2134"]
[BlackElo "2290"]
[PlyCount "32"]
[EventDate "2005.12.11"]
[EventType "tourn"]
[EventRounds "9"]
[EventCountry "ARG"]
[Source "lmi"]
[SourceDate "2005.12.22"]

1. d4 Nf6 2. c4 e6 3. Nf3 b6 4. g3 Bb7 5. Bg2 Be7 6. O-O O-O 7. Nc3 Ne4 8. Nxe4
Bxe4 9. Nh4 Bxg2 10. Nxg2 d5 11. Qa4 Qe8 12. Qxe8 Rxe8 13. cxd5 exd5 14. Nf4
Rd8 15. Be3 c5 16. Rfd1 Nc6 1/2-1/2

[Event "IRT de Fin de Año"]
[Site "Banfield ARG"]
[Date "2005.12.12"]
[Round "2.4"]
[White "Antonio, Jorge"]
[Black "Arenas, Sergio"]
[Result "1-0"]
[WhiteElo "2096"]
[BlackElo "2165"]
[PlyCount "45"]
[EventDate "2005.12.11"]
[EventType "tourn"]
[EventRounds "9"]
[EventCountry "ARG"]
[Source "lmi"]
[SourceDate "2005.12.22"]

1. e4 d5 2. exd5 c6 3. dxc6 Nf6 4. Nf3 Nxc6 5. Bb5 Bg4 6. O-O e6 7. d4 Bd6 8.
Bg5 h6 9. Bh4 O-O 10. c3 g5 11. Bg3 Ne7 12. Nbd2 Ng6 13. Qe1 Bxf3 14. Nxf3 Bxg3
15. fxg3 Qb6 16. Bd3 Ne7 17. Qd2 Kg7 18. Nxg5 hxg5 19. Qxg5+ Ng6 20. Rxf6 Qxb2
21. Rxg6+ fxg6 22. Qxg6+ Kh8 23. Qh7# 1-0

[Event "IRT de Fin de Año"]
[Site "Banfield ARG"]
[Date "2005.12.12"]
[Round "2.5"]
[White "Claverié, Raúl"]
[Black "Montes de Oca, Juan José"]
[Result "1-0"]
[WhiteElo "2368"]
[BlackElo "2173"]
[PlyCount "61"]
[EventDate "2005.12.11"]
[EventType "tourn"]
[EventRounds "9"]
[EventCountry "ARG"]
[Source "lmi"]
[SourceDate "2005.12.22"]

1. e4 d6 2. d4 Nf6 3. Nc3 g6 4. Be3 c6 5. f3 b5 6. Qd2 Nbd7 7. h4 e5 8. Nge2
Bg7 9. Rd1 O-O 10. dxe5 Nxe5 11. b3 b4 12. Na4 d5 13. Qxb4 Qc7 14. Bc5 Rd8 15.
Nac3 Bb7 16. f4 Neg4 17. e5 Ne8 18. g3 a5 19. Qb6 Qxb6 20. Bxb6 Rdc8 21. Bh3 h5
22. Na4 Bf8 23. Bxg4 hxg4 24. Bc5 Bxc5 25. Nxc5 Rab8 26. Nd4 Ba8 27. h5 Ng7 28.
hxg6 fxg6 29. Rh4 Kf7 30. Rxg4 Rh8 31. e6+ 1-0

[Event "IRT de Fin de Año"]
[Site "Banfield ARG"]
[Date "2005.12.13"]
[Round "3.1"]
[White "Montes de Oca, Juan José"]
[Black "Dolezal, Cristian"]
[Result "0-1"]
[WhiteElo "2173"]
[BlackElo "2400"]
[PlyCount "46"]
[EventDate "2005.12.11"]
[EventType "tourn"]
[EventRounds "9"]
[EventCountry "ARG"]
[Source "lmi"]
[SourceDate "2005.12.22"]

1. e4 c5 2. Nf3 e6 3. d4 cxd4 4. Nxd4 Nf6 5. Nc3 Nc6 6. Nxc6 bxc6 7. e5 Nd5 8.
Ne4 Qc7 9. f4 f5 10. exf6 gxf6 11. Qh5+ Kd8 12. g3 Qb6 13. c3 f5 14. Ng5 Kc7
15. Nf7 Rg8 16. Qxh7 Rg7 17. Qh5 Nf6 18. Qh6 Rxf7 19. Qg6 Ne4 20. Qxf7 Qf2+ 21.
Kd1 Qf3+ 22. Kc2 Qxh1 23. Qxf8 Qxf1 0-1

[Event "IRT de Fin de Año"]
[Site "Banfield ARG"]
[Date "2005.12.13"]
[Round "3.2"]
[White "Arenas, Sergio"]
[Black "Claverié, Raúl"]
[Result "0-1"]
[WhiteElo "2165"]
[BlackElo "2368"]
[PlyCount "96"]
[EventDate "2005.12.11"]
[EventType "tourn"]
[EventRounds "9"]
[EventCountry "ARG"]
[Source "lmi"]
[SourceDate "2005.12.22"]

1. f4 d5 2. Nf3 c6 3. g3 Bg4 4. Bg2 Nd7 5. O-O Bxf3 6. Bxf3 e5 7. d3 Ngf6 8.
fxe5 Nxe5 9. Bg2 Be7 10. b3 Qc7 11. Bb2 h5 12. Qd2 O-O-O 13. Bh3+ Kb8 14. Bxe5
Qxe5 15. Qf4 Bd6 16. Qxe5 Bxe5 17. c3 d4 18. c4 h4 19. g4 Nh7 20. Bg2 h3 21.
Be4 Ng5 22. Nd2 Rh4 23. Bf3 Bf4 24. Rad1 Be3+ 25. Kh1 Bxd2 26. Rxd2 Re8 27. Kg1
Re3 28. Kf2 Kc7 29. Kg3 Rh6 30. Kf4 Ne6+ 31. Kg3 Kd6 32. b4 c5 33. b5 b6 34. a4
Ke5 35. a5 f5 36. gxf5 Nf4 37. Kg4 g6 38. Kg5 Rxf3 39. exf3 Rh5+ 40. Kg4 gxf5+
41. Kg3 Rg5+ 42. Kf2 bxa5 43. Rg1 Ng2 44. Ra2 Kf4 45. Rxa5 Rg7 46. Rga1 Ne3 47.
Rxa7 Rg2+ 48. Ke1 Nc2+ 0-1

[Event "IRT de Fin de Año"]
[Site "Banfield ARG"]
[Date "2005.12.13"]
[Round "3.3"]
[White "Quiroga, Facundo"]
[Black "Antonio, Jorge"]
[Result "0-1"]
[WhiteElo "2290"]
[BlackElo "2096"]
[PlyCount "80"]
[EventDate "2005.12.11"]
[EventType "tourn"]
[EventRounds "9"]
[EventCountry "ARG"]
[Source "lmi"]
[SourceDate "2005.12.22"]

1. c4 e5 2. Nc3 Nc6 3. g3 g6 4. Bg2 Bg7 5. d3 Nge7 6. h4 h6 7. e3 d6 8. Nge2
O-O 9. a3 a5 10. Rb1 Be6 11. b4 axb4 12. axb4 Qd7 13. O-O Bh3 14. Nd5 Bxg2 15.
Kxg2 b5 16. Nxe7+ Nxe7 17. Qb3 c6 18. Nc3 d5 19. e4 Kh7 20. Rd1 Rfd8 21. f3 f5
22. Bb2 Qb7 23. Rbc1 Rd7 24. Ne2 Rad8 25. h5 g5 26. g4 fxe4 27. fxe4 dxc4 28.
dxc4 Rxd1 29. Rxd1 Rxd1 30. Qxd1 bxc4 31. Bc3 c5 32. Qb1 cxb4 33. Ng3 b3 34.
Nf5 Nxf5 35. gxf5 Qa7 36. Kf3 Qd7 37. Ke2 Qd6 38. Ke3 g4 39. Be1 Qd4+ 40. Ke2
b2 0-1

[Event "IRT de Fin de Año"]
[Site "Banfield ARG"]
[Date "2005.12.13"]
[Round "3.4"]
[White "Villanueva, Mario"]
[Black "Dellepiani, Fernando"]
[Result "1-0"]
[WhiteElo "2210"]
[BlackElo "2134"]
[PlyCount "63"]
[EventDate "2005.12.11"]
[EventType "tourn"]
[EventRounds "9"]
[EventCountry "ARG"]
[Source "lmi"]
[SourceDate "2005.12.22"]

1. d4 Nf6 2. c4 g6 3. Nc3 d5 4. cxd5 Nxd5 5. e4 Nb6 6. Be3 Bg7 7. Be2 O-O 8. h3
a5 9. Nf3 a4 10. O-O f5 11. exf5 Bxf5 12. Bd3 Bxd3 13. Qxd3 Nc6 14. Qe4 a3 15.
bxa3 Rxa3 16. Nb5 Ra5 17. Qe6+ Kh8 18. Rab1 Rf6 19. Qg4 Nd5 20. Ng5 h5 21. Qe4
Qd7 22. a3 Nxe3 23. fxe3 Rxf1+ 24. Rxf1 Rxb5 25. Qxg6 Rxg5 26. Qxg5 Qe6 27. d5
Qe5 28. Rf5 Qa1+ 29. Kh2 Be5+ 30. g3 Qa2+ 31. Kg1 Qxd5 32. Qxh5+ 1-0

[Event "IRT de Fin de Año"]
[Site "Banfield ARG"]
[Date "2005.12.13"]
[Round "3.5"]
[White "Devcic, Marcos"]
[Black "Ferro, Ezequiel"]
[Result "1-0"]
[WhiteElo "2334"]
[BlackElo "2151"]
[PlyCount "81"]
[EventDate "2005.12.11"]
[EventType "tourn"]
[EventRounds "9"]
[EventCountry "ARG"]
[Source "lmi"]
[SourceDate "2005.12.22"]

1. Nf3 d5 2. d4 Nc6 3. Bf4 Bf5 4. e3 e6 5. a3 Bd6 6. Bg5 Nge7 7. c4 dxc4 8.
Bxc4 O-O 9. Nc3 f6 10. Bh4 Kh8 11. O-O Ng6 12. Bg3 e5 13. d5 Nce7 14. Nd2 Bd7
15. Kh1 f5 16. f4 a6 17. Rc1 Ng8 18. Be2 b5 19. Bh5 Nf6 20. Bxg6 exf4 21. exf4
hxg6 22. Nf3 Nh5 23. Bh4 Qc8 24. Ne2 Re8 25. Ne5 Rxe5 26. fxe5 Bxe5 27. Nd4 Qg8
28. Nf3 Bf4 29. Rc3 Re8 30. Re1 Re4 31. Bg5 Rxe1+ 32. Qxe1 Qxd5 33. Bxf4 Nxf4
34. Qh4+ Nh5 35. Qd8+ Kh7 36. Rc1 c6 37. Ng5+ Kh6 38. h4 Ng3+ 39. Kh2 Kh5 40.
Nh3 Qd2 41. Rd1 1-0

[Event "IRT de Fin de Año"]
[Site "Banfield ARG"]
[Date "2005.12.14"]
[Round "4.1"]
[White "Dolezal, Cristian"]
[Black "Ferro, Ezequiel"]
[Result "0-1"]
[WhiteElo "2400"]
[BlackElo "2151"]
[PlyCount "68"]
[EventDate "2005.12.11"]
[EventType "tourn"]
[EventRounds "9"]
[EventCountry "ARG"]
[Source "lmi"]
[SourceDate "2005.12.22"]

1. e4 c6 2. d4 d5 3. e5 c5 4. Nf3 Nc6 5. c4 e6 6. Nc3 cxd4 7. Nxd4 Bc5 8. Nxc6
bxc6 9. Qg4 Ne7 10. Qxg7 Rg8 11. Qxh7 Rb8 12. Qc2 Bd4 13. Bf4 Qa5 14. O-O-O
Bxc3 15. Qxc3 Qxa2 16. Qa3 Qxa3 17. bxa3 dxc4 18. h4 Nd5 19. Bg5 Ba6 20. Rh3
Rb6 21. Rd4 c5 22. Rg4 c3 23. Bxa6 Rxa6 24. h5 Rxa3 25. h6 Nb4 26. Rxb4 cxb4
27. Bf6 Kd7 28. h7 Rc8 29. Rh4 b3 30. Rd4+ Kc6 31. Rc4+ Kb5 32. Rxc3 Rxc3+ 33.
Kb2 Rc2+ 34. Kxa3 Kc4 0-1

[Event "IRT de Fin de Año"]
[Site "Banfield ARG"]
[Date "2005.12.14"]
[Round "4.2"]
[White "Dellepiani, Fernando"]
[Black "Devcic, Marcos"]
[Result "0-1"]
[WhiteElo "2134"]
[BlackElo "2334"]
[PlyCount "62"]
[EventDate "2005.12.11"]
[EventType "tourn"]
[EventRounds "9"]
[EventCountry "ARG"]
[Source "lmi"]
[SourceDate "2005.12.22"]

1. d4 Nf6 2. Nf3 c6 3. c4 d6 4. Nc3 Bf5 5. Bf4 h6 6. h3 e6 7. e3 Qb6 8. Qb3
Nbd7 9. Be2 Be7 10. O-O Ne4 11. Nxe4 Bxe4 12. Nd2 Bh7 13. Nf3 g5 14. Bg3 h5 15.
Nd2 Bg6 16. Qc3 a5 17. Bd3 f5 18. Bxd6 Bxd6 19. c5 Qc7 20. cxd6 Qxd6 21. Nc4
Qb4 22. Qc2 h4 23. f3 O-O 24. f4 Qe7 25. fxg5 b5 26. Ne5 Nxe5 27. dxe5 Qxg5 28.
Rf4 Rad8 29. Be2 Rd5 30. Qxc6 Rxe5 31. Bxb5 Be8 0-1

[Event "IRT de Fin de Año"]
[Site "Banfield ARG"]
[Date "2005.12.14"]
[Round "4.3"]
[White "Antonio, Jorge"]
[Black "Villanueva, Mario"]
[Result "0-1"]
[WhiteElo "2096"]
[BlackElo "2210"]
[PlyCount "96"]
[EventDate "2005.12.11"]
[EventType "tourn"]
[EventRounds "9"]
[EventCountry "ARG"]
[Source "lmi"]
[SourceDate "2005.12.22"]

1. e4 e5 2. Nf3 Nf6 3. Nxe5 d6 4. Nf3 Nxe4 5. Qe2 Qe7 6. d3 Nf6 7. Nc3 Bg4 8.
Qxe7+ Bxe7 9. Be2 c6 10. Bg5 Na6 11. a3 Nc5 12. h3 Bh5 13. O-O-O Ne6 14. Be3 d5
15. d4 Ne4 16. Nxe4 dxe4 17. Ng1 Bxe2 18. Nxe2 f5 19. d5 Nd8 20. Nd4 O-O 21.
dxc6 bxc6 22. Nb3 Ne6 23. Rd7 Rf7 24. g3 g5 25. Bxa7 Bxa3 26. Rxf7 Kxf7 27. Be3
Be7 28. Rd1 f4 29. Bd2 Nd4 30. Kb1 Nxb3 31. cxb3 Rd8 32. Kc2 fxg3 33. fxg3 Rd3
34. Be1 Re3 35. Bf2 Rf3 36. Be1 Rf1 37. Bc3 Rf2+ 38. Kc1 Rf3 39. Be5 e3 40. Re1
Bb4 41. Bc3 Bxc3 42. bxc3 Rxg3 43. h4 gxh4 44. Rh1 h3 45. Kc2 Rg2+ 46. Kd3 e2
47. Kd2 h2 48. b4 e1=Q+ 0-1

[Event "IRT de Fin de Año"]
[Site "Banfield ARG"]
[Date "2005.12.14"]
[Round "4.4"]
[White "Claverié, Raúl"]
[Black "Quiroga, Facundo"]
[Result "1-0"]
[WhiteElo "2368"]
[BlackElo "2290"]
[PlyCount "77"]
[EventDate "2005.12.11"]
[EventType "tourn"]
[EventRounds "9"]
[EventCountry "ARG"]
[Source "lmi"]
[SourceDate "2005.12.22"]

1. g3 d5 2. Bg2 c6 3. d3 Na6 4. Nd2 e5 5. Ngf3 Bd6 6. e4 Ne7 7. O-O O-O 8. Qe2
f5 9. exd5 Nxd5 10. c3 Re8 11. Re1 Nc5 12. d4 Ne4 13. Nxe4 fxe4 14. Nxe5 Bxe5
15. dxe5 Rxe5 16. f4 Re7 17. Be3 Nxe3 18. Qxe3 Bf5 19. Rad1 Qb6 20. Bf1 Qxe3+
21. Rxe3 Bg4 22. Rd6 Kf8 23. Kf2 Ke8 24. Bg2 Bf5 25. h3 h5 26. Rd2 Rd8 27. Rde2
Rd3 28. Rxd3 exd3 29. Rxe7+ Kxe7 30. Ke3 a5 31. Bf1 Kd6 32. h4 b5 33. Bxd3 g6
34. Be2 a4 35. a3 Kc5 36. g4 hxg4 37. Kf2 Bd7 38. Bd3 Be8 39. Kg3 1-0

[Event "IRT de Fin de Año"]
[Site "Banfield ARG"]
[Date "2005.12.14"]
[Round "4.5"]
[White "Montes de Oca, Juan José"]
[Black "Arenas, Sergio"]
[Result "1/2-1/2"]
[WhiteElo "2173"]
[BlackElo "2165"]
[PlyCount "32"]
[EventDate "2005.12.11"]
[EventType "tourn"]
[EventRounds "9"]
[EventCountry "ARG"]
[Source "lmi"]
[SourceDate "2005.12.22"]

1. e4 e5 2. Nf3 Nc6 3. Bb5 a6 4. Ba4 Nf6 5. O-O d6 6. Re1 b5 7. Bb3 Be7 8. c3
O-O 9. h3 Na5 10. Bc2 c5 11. d4 cxd4 12. cxd4 Nc6 13. Nbd2 Nb4 14. Bb1 Qc7 15.
d5 a5 16. a3 Na6 1/2-1/2

[Event "IRT de Fin de Año"]
[Site "Banfield ARG"]
[Date "2005.12.15"]
[Round "5.1"]
[White "Arenas, Sergio"]
[Black "Dolezal, Cristian"]
[Result "1/2-1/2"]
[WhiteElo "2165"]
[BlackElo "2400"]
[PlyCount "39"]
[EventDate "2005.12.11"]
[EventType "tourn"]
[EventRounds "9"]
[EventCountry "ARG"]
[Source "lmi"]
[SourceDate "2005.12.22"]

1. e4 Nc6 2. Nf3 f5 3. exf5 d5 4. d4 Bxf5 5. Bb5 e6 6. O-O Bd6 7. Re1 Nge7 8.
Bg5 O-O 9. Nbd2 Nb4 10. Ba4 b5 11. Bb3 h6 12. Bh4 Qd7 13. Bg3 Ng6 14. a3 Nc6
15. c3 Nf4 16. Bc2 Nd3 17. Bxd3 Bxd3 18. Re3 Bh7 19. Qe1 Rae8 20. Qe2 1/2-1/2

[Event "IRT de Fin de Año"]
[Site "Banfield ARG"]
[Date "2005.12.15"]
[Round "5.2"]
[White "Quiroga, Facundo"]
[Black "Montes de Oca, Juan José"]
[Result "1-0"]
[WhiteElo "2290"]
[BlackElo "2173"]
[PlyCount "139"]
[EventDate "2005.12.11"]
[EventType "tourn"]
[EventRounds "9"]
[EventCountry "ARG"]
[Source "lmi"]
[SourceDate "2005.12.22"]

1. Nf3 d5 2. d4 Nf6 3. c4 c6 4. Nc3 a6 5. a4 Bf5 6. e3 e6 7. Be2 Nbd7 8. a5 Bd6
9. O-O O-O 10. Nh4 Bg6 11. Nxg6 hxg6 12. f4 Qe7 13. c5 Bc7 14. Bd3 Nh7 15. Qg4
Rfe8 16. b4 Ndf8 17. Qh3 f5 18. g4 Nf6 19. g5 Ne4 20. Nxe4 dxe4 21. Be2 Rad8
22. Qg3 Kf7 23. Ra2 Nd7 24. Bd1 Rh8 25. h4 Rdg8 26. Rh2 Ke8 27. Kf2 Nf8 28.
Rfh1 Kd8 29. h5 gxh5 30. Rxh5 Rxh5 31. Rxh5 Ke8 32. Qh3 g6 33. Rh6 Bd8 34. Bb2
Qf7 35. Bb3 Be7 36. Ke2 Kd7 37. Kd1 Kd8 38. Kc2 Kd7 39. Kb1 Kd8 40. Ka2 Kd7 41.
Qh1 Kc7 42. Rh8 Kd7 43. Bc4 Kc7 44. Rxg8 Qxg8 45. Qf1 Nd7 46. Bc3 Kb8 47. Ka3
Ka7 48. Qg2 Nf8 49. Qb2 Qf7 50. Qb3 Bd8 51. Bb2 Be7 52. Bc3 Kb8 53. Qa2 Qg8 54.
Qh2 Kc7 55. Qh6 Kb8 56. Ba2 Kc7 57. Bb3 Kb8 58. Qh1 Kc7 59. Bc4 Kb8 60. Qh3 Bd8
61. Be2 Be7 62. d5 exd5 63. Be5+ Ka7 64. Bc7 Nd7 65. Qf1 Qc8 66. Bb6+ Nxb6 67.
axb6+ Kb8 68. Qa1 Qd8 69. Kb3 Kc8 70. Bxa6 1-0

[Event "IRT de Fin de Año"]
[Site "Banfield ARG"]
[Date "2005.12.15"]
[Round "5.3"]
[White "Villanueva, Mario"]
[Black "Claverié, Raúl"]
[Result "1/2-1/2"]
[WhiteElo "2210"]
[BlackElo "2368"]
[PlyCount "44"]
[EventDate "2005.12.11"]
[EventType "tourn"]
[EventRounds "9"]
[EventCountry "ARG"]
[Source "lmi"]
[SourceDate "2005.12.22"]

1. d4 e6 2. c4 f5 3. Nc3 Nf6 4. Nf3 c6 5. Bf4 d5 6. e3 Be7 7. Bd3 O-O 8. O-O
Ne4 9. Bxe4 fxe4 10. Ne5 Nd7 11. f3 Nxe5 12. Bxe5 exf3 13. Rxf3 Rxf3 14. Qxf3
Bd7 15. Rf1 Qe8 16. cxd5 cxd5 17. Nxd5 Bd8 18. Qg4 Qg6 19. Bd6 Bh4 20. Qf4 h5
21. Qxh4 exd5 22. Qg3 Qxg3 1/2-1/2

[Event "IRT de Fin de Año"]
[Site "Banfield ARG"]
[Date "2005.12.15"]
[Round "5.4"]
[White "Devcic, Marcos"]
[Black "Antonio, Jorge"]
[Result "0-1"]
[WhiteElo "2334"]
[BlackElo "2096"]
[PlyCount "66"]
[EventDate "2005.12.11"]
[EventType "tourn"]
[EventRounds "9"]
[EventCountry "ARG"]
[Source "lmi"]
[SourceDate "2005.12.22"]

1. d4 d5 2. Nf3 Nf6 3. c4 e6 4. e3 c6 5. Nc3 Nbd7 6. Qc2 Bd6 7. Bd2 O-O 8.
O-O-O Qe7 9. Kb1 a6 10. g4 Nxg4 11. Bc1 f5 12. Bd3 Ndf6 13. Rdg1 Ne4 14. h4 b5
15. cxd5 cxd5 16. Ng5 b4 17. Ncxe4 dxe4 18. Bxe4 Rb8 19. Bd3 Bb7 20. d5 b3 21.
axb3 Bxd5 22. Bc4 Rfc8 23. e4 Bxc4 24. bxc4 Ne5 25. exf5 Nxc4 26. f6 Qxf6 27.
Qxh7+ Kf8 28. Nxe6+ Qxe6 29. Rxg7 Nd2+ 30. Bxd2 Rxb2+ 31. Kxb2 Qe5+ 32. Ka2
Qd5+ 33. Kb1 Qb3+ 0-1

[Event "IRT de Fin de Año"]
[Site "Banfield ARG"]
[Date "2005.12.15"]
[Round "5.5"]
[White "Ferro, Ezequiel"]
[Black "Dellepiani, Fernando"]
[Result "1-0"]
[WhiteElo "2151"]
[BlackElo "2134"]
[PlyCount "35"]
[EventDate "2005.12.11"]
[EventType "tourn"]
[EventRounds "9"]
[EventCountry "ARG"]
[Source "lmi"]
[SourceDate "2005.12.22"]

1. d4 d5 2. Nf3 Nf6 3. c4 e6 4. Nc3 Be7 5. Bg5 c6 6. Qc2 Nh5 7. Bxe7 Qxe7 8.
cxd5 exd5 9. Nxd5 Qd6 10. Nc3 Na6 11. a3 g6 12. e3 b5 13. Nxb5 cxb5 14. Qe4+
Qe7 15. Bxb5+ Kf8 16. Qxa8 Kg7 17. Rc1 Bb7 18. Qxa7 1-0

[Event "IRT de Fin de Año"]
[Site "Banfield ARG"]
[Date "2005.12.16"]
[Round "6.1"]
[White "Dolezal, Cristian"]
[Black "Dellepiani, Fernando"]
[Result "1/2-1/2"]
[WhiteElo "2400"]
[BlackElo "2134"]
[PlyCount "35"]
[EventDate "2005.12.11"]
[EventType "tourn"]
[EventRounds "9"]
[EventCountry "ARG"]
[Source "lmi"]
[SourceDate "2005.12.22"]

1. e4 Nf6 2. e5 Nd5 3. c4 Nb6 4. a4 d6 5. a5 N6d7 6. exd6 exd6 7. d4 Be7 8. Nf3
Nf6 9. Bd3 O-O 10. O-O Bg4 11. Nc3 Nc6 12. Be3 Qd7 13. h3 Bf5 14. a6 bxa6 15.
Bxf5 Qxf5 16. Rxa6 Nb4 17. Ra4 c5 18. Qb1 1/2-1/2

[Event "IRT de Fin de Año"]
[Site "Banfield ARG"]
[Date "2005.12.16"]
[Round "6.2"]
[White "Antonio, Jorge"]
[Black "Ferro, Ezequiel"]
[Result "0-1"]
[WhiteElo "2096"]
[BlackElo "2151"]
[PlyCount "54"]
[EventDate "2005.12.11"]
[EventType "tourn"]
[EventRounds "9"]
[EventCountry "ARG"]
[Source "lmi"]
[SourceDate "2005.12.22"]

1. e4 e6 2. d4 d5 3. exd5 exd5 4. c3 c5 5. Nf3 Nc6 6. Be3 cxd4 7. Nxd4 Nf6 8.
Bd3 Bd6 9. Qb3 O-O 10. Nd2 Ng4 11. O-O-O Nxe3 12. fxe3 Qg5 13. Rde1 Nxd4 14.
exd4 Bf4 15. Qc2 Qxg2 16. Bxh7+ Kh8 17. Bd3 Bg4 18. h3 Bf3 19. Rhg1 Rae8 20. b3
Re6 21. Ref1 Qh2 22. Re1 Rfe8 23. Ref1 g6 24. h4 Re2 25. Bxe2 Rxe2 26. Rd1 Be4
27. Qb2 Rxd2 0-1